| 000 | 01470nam0a2200361 i 4500 | ||
|---|---|---|---|
| 001 | RU\NLR\BIBL_A\011469409 | ||
| 005 | 20241105164016.0 | ||
| 010 |
_a9785444419465 _9700 |
||
| 021 |
_aRU _b2017-61385 _94344 |
||
| 035 | _a(RuMoRGB)009000417 | ||
| 035 | _a(NLR Aleph) 011469409 | ||
| 090 |
_a11846717 _c11846717 |
||
| 100 | _a20170911d2017 km y0rusy50 ca | ||
| 101 | 0 | _arus | |
| 102 | _aRU | ||
| 105 | _aacb|z|||000za | ||
| 200 | 1 |
_aПервая конная армия _e[воспоминания] _fС. М. Буденный |
|
| 210 |
_aМосква _cВече _d2017 |
||
| 215 |
_a445, [3] с., [8] л. ил., к., портр. _d21 |
||
| 225 | 1 | _aВоенные мемуары, 1918-1920 | |
| 300 | _aНа обл. авт.: Маршал Сов. Союза С.М. Буденный | ||
| 320 | _aБиблиогр. в подстроч. примеч. | ||
| 333 | _a12+ | ||
| 601 | 0 | 2 |
_aКонная армия _c1; 1918 - 1920 _jВоспоминания, записки и т.п. _92073682 _3RU\NLR\AUTH\661248612 |
| 686 |
_aЦ35(2)712-59-243д.Буденный С.М. _2rubbk |
||
| 686 |
_aТ3(2)712.4,013.1 _2rubbk |
||
| 686 | 1 | _aЦ35(2)712-59-21,013 | |
| 700 | 1 |
_7ca _8rus _aБудённый _bС. М. _cвоенный деятель _f1883-1973 _gСемён Михайлович _9178183 _3RU\NLR\AUTH\770178234 |
|
| 942 | _cBOOK | ||
| 980 | _aNBR | ||